[Podniková metodológia SBBAC praktická príručka pre manažérov

Gespeichert in:
Bibliographische Detailangaben
Format: Buch
Sprache:Slowakisch
Veröffentlicht: Bratislava USAID Slovakia [1997]
Schriftenreihe:United States Agency for International Development
Schlagworte:
Tags: Tag hinzufügen
Keine Tags, Fügen Sie das erste Tag hinzu!

MARC

LEADER 00000nam a2200000 4500
001 c124362
005 20221109111804.0
020 |a 80-967843-1-5 
041 0 |a slo 
044 |a SK 
245 1 0 |a [Podniková metodológia SBBAC  |b praktická príručka pre manažérov 
264 1 |a Bratislava  |b USAID Slovakia  |c [1997] 
300 |a 280 s. 
490 1 |a United States Agency for International Development 
830 0 |a United States Agency for International Development 
610 2 0 |a manažéri 
610 2 0 |a pracovníci riadiaci 
610 2 0 |a riadenie podnikové 
610 2 0 |a metodológia 
610 2 0 |a inovácia 
610 2 0 |a plánovanie strategické 
610 2 0 |a plán marketingový 
610 2 0 |a proces pracovný 
610 2 0 |a reorganizácia 
610 2 0 |a náklady 
610 2 0 |a činnosť hospodárska 
610 2 0 |a projekty 
610 2 0 |a konkurencieschopnosť 
610 2 0 |a podnik 
610 2 0 |a manažment strategický 
610 2 0 |a účtovníctvo 
610 2 0 |a pomoc medzinárodná